00646nam a2200205Ia 450000500170000000800410001702000180005804000180007604100080009408200210010210000190012324500630014225000140020526000560021930000260027565000330030165000230033465000360035765000470039320220124141618.0210716s2013 xx 000 0 und d a9789350390030 cAIMIT LIBRARY aeng a332.12 24bGOPM aGopinath, M N. aBanking: bprinciples and operations /cby M. N. Gopinath. a[4th ed.] aMumbai :bSnow White Publications Pvt Ltd ,c2013 . axxviii, 723p. ; 24cm. aBanker customer relationship aAccount operations aPayment and remittance services aService channels and operations management